00238nam a2200109Ia 4500100001900000250000600019654001800025245002700043260002800070082001800098546001200116 aHaykin/ Simon  a4 afilter theory aAdaptive Filter theory bPearson Educationc2002 a621.3815bHAY aENGLISH